000 00662nam a2200289Ia 4500
005 20260324125624.0
008 008 260324s9999 xx 000 0 eng d
020 _a9780203929773
037 _aEBOOK
040 _aCRL
040 _beng
040 _cCRL
041 _2eng
041 _aeng
084 _qCRL
100 _aTamar Mayer; Suleiman A. Mourad
_91178675
245 0 _aJerusalem
245 0 _bIdea and Reality
260 _bTaylor and Francis
260 _c2008
365 _a
365 _b280
856 _uhttp://www.taylorfrancis.com/books/9780203929773
942 _cEBOOK
999 _c1774121
_d1774121